| 000 | 00685nam a22002177a 4500 | ||
|---|---|---|---|
| 999 |
_c14578 _d14578 |
||
| 003 | AR-CdUCM | ||
| 008 | 190423b ||||| |||| 00| 0 spa d | ||
| 020 | _a978-84-9145-046-7 | ||
| 040 |
_aMUNICIPALIDAD PROVINCIAL DEL CUSCO _cBIBLIOTECA MUNICIPAL DEL CUSCO |
||
| 041 | _hger | ||
| 082 |
_aPI / 803 / _bT31 |
||
| 100 |
_aTeckentrup, Beitta _933408 |
||
| 245 |
_aTodo Naturaleza : _bMi pequeño pato / |
||
| 260 |
_aAlemania : _bEdiciones Obelisco, _c2017. |
||
| 300 |
_bilustraciones, _c17 cm. |
||
| 500 | _aParte posterior del libro "Picarona". | ||
| 650 |
_aLiteratura infantil _9588 |
||
| 650 |
_aCuentos infantiles _93927 |
||
| 942 |
_2ddc _cLIBROS |
||
| 945 |
_aachl _d2019-04-23 |
||